Explorations in sociology and counseling / (Record no. 7049)
[ view plain ]
| 000 -LEADER | |
|---|---|
| fixed length control field | 00780cam a2200265 4500 |
| 001 - CONTROL NUMBER | |
| JCCL Control Number | 7049 |
| 003 - CONTROL NUMBER IDENTIFIER | |
| JCCL marc code | BD-JhCC |
| 005 - DATE AND TIME OF LATEST TRANSACTION | |
| control field | 20180416101112.0 |
| 008 - FIXED-LENGTH DATA ELEMENTS--GENERAL INFORMATION | |
| fixed length control field | 691205s1969 mau b 001 0 eng |
| 035 ## - SYSTEM CONTROL NUMBER | |
| system control number | (BD-JhCC)7049 |
| -- | (BD-JhCC) |
| 040 ## - CATALOGING SOURCE | |
| Original cataloging agency | DLC |
| Transcribing agency | DLC |
| Modifying agency | DLC |
| -- | (BD-JhCC) |
| 041 ## - LANGUAGE CODE | |
| Language code of Book | eng |
| 050 00 - LIBRARY OF CONGRESS CALL NUMBER | |
| Classification number | BF637.C6 |
| Item number | H32 |
| 082 00 - DEWEY DECIMAL CLASSIFICATION NUMBER | |
| Classification number | 157/.9 |
| Author mark and Year | HAS 1969 |
| 100 1# - MAIN ENTRY--PERSONAL NAME | |
| Personal name | Hansen, Donald A. |
| 245 10 - TITLE STATEMENT | |
| Title | Explorations in sociology and counseling / |
| Statement of responsibility, etc | With essays by Jessie Bernard [and others] Edited by Donald A. Hansen. |
| 260 ## - PUBLICATION, DISTRIBUTION, ETC. (IMPRINT) | |
| Place of publication, distribution, etc | Boston, |
| Name of publisher, distributor, etc | Houghton Mifflin |
| Date of publication, distribution, etc | [1969] |
| 300 ## - PHYSICAL DESCRIPTION | |
| Pagination | xvii, 456 p. |
| Dimensions | 25 cm. |
| 504 ## - BIBLIOGRAPHY, ETC. NOTE | |
| Bibliography, etc | Includes bibliographies. |
| 650 #0 - SUBJECT ADDED ENTRY--TOPICAL TERM | |
| Topical term or geographic name as entry element | Counseling. |
| 650 #0 - SUBJECT ADDED ENTRY--TOPICAL TERM | |
| Topical term or geographic name as entry element | Psychotherapy. |
| 700 1# - ADDED ENTRY--PERSONAL NAME | |
| Personal name | Bernard, Jessie, |
| Dates associated with a name | 1903-1996. |
| 942 ## - ADDED ENTRY ELEMENTS (KOHA) | |
| Source of classification or shelving scheme | Dewey Decimal Classification |
| Koha item type | Books |
| Source of classification or shelving scheme | Damaged status | Not for loan | Home library | Current library | Shelving location | Date of accession | Total Checkouts | Full call number | Barcode | Date last seen | Copy number | Koha item type |
|---|---|---|---|---|---|---|---|---|---|---|---|---|
| Dewey Decimal Classification | JCC Rouf Library | JCC Rouf Library | General Stacks | 02/04/2018 | 157/.9 HAS 1969 | 1019 | 02/04/2018 | C - 1 | Books |